| 000 | 00763cam a22002175a 4500 | ||
|---|---|---|---|
| 001 | L158051 | ||
| 008 | 140226s2012 xxk f 000 0 eng d | ||
| 020 | _a9780415581080 | ||
| 035 | _a(Sirsi) u158051 | ||
| 041 | 0 | _aeng | |
| 050 | 0 | 4 | _a711.4094212 SHO |
| 100 | 1 | _aShort, Michael J. | |
| 245 | 0 | 0 | _aPlanning For Tall Buildings |
| 260 |
_aOxon _bRoutledge _c2012 |
||
| 300 | _axii, 222p, 23cm | ||
| 520 | _aContributes to the debate about new tall buildings and their role and effect on cities. Focuses in particular on the conservation debates that proposals for new buildings raise. Includes case studies from the UK, Norway, Ireland and Canada. | ||
| 590 | _aKA | ||
| 651 | 4 | _aInternational | |
| 690 |
_aPlanning and development _96259 |
||
| 942 | _n0 | ||
| 999 |
_c115103 _d115103 |
||